000 00373nam a2200145Ia 4500
008 230711s9999||||xx |||||||||||||| ||und||
041 _aENG
082 _a4
_bKR-C
100 _aKrishna,Kant
245 0 _aComputer based industrial control
250 _a1st Ed.
260 _c2003
_aNew Delhi
_bPHI Learning Private Limited
650 _aElectrical Engineering
942 _cBK
999 _c4077
_d4077